000 00941nas a2200325 4500
001 BR2013006376
003 BR-BrBNA
005 20231205122754.0
007 ta
008 230509b bl.|||p| |||| 00| 00por d
040 _aBR-BrBNA
_bpor
_cBiblioteca Nacional de Agricultura
041 _a(Pt)
072 _aJ10
100 1 _aFreo, J.D.
100 1 _aColussi, R.
100 1 _aBiduski, B.
100 1 _aPiccini, D.C.
100 1 _aElias, M.C.
100 1 _aGutkoski, L.C.
245 1 _aEfeito da umidade de colheita na qualidade tecnológica de grãos de trigo
650 _aTRIGO
650 _aTRITICUM AESTIVUM
650 _aMANEJO
650 _aPÓS-COLHEITA
650 _aTEOR DE UMIDADE
650 _aCONTROLE DE QUALIDADE
773 0 _tRevista Brasileira de Armazenamento (Brazil)
_xISSN 0100-3518
_g(2012), v. 37(1-2) p. 1-06
_wBR2013006376
909 _a202311
_bLúcia
_c55
_dLúcia Elande
942 _2AGRIS
_n0
_cANA
999 _c230472
_d230472